000 00501nam a2200181Ia 4500
001 16548
005 20260306170317.0
008 260306t2019||||xx |||||||||||||| ||und||
041 _aESP
082 _a348.8
_bD84
100 _aDivisión de Estudios Jurídicos de Gaceta Jurídica
_eAUT
245 0 _a700 criterios jurisprudenciales laborales que todo abogado debe conocer
260 _c2019
300 _a446 páginas :
_c25 cm.
650 _aGEN
654 _aCDE
942 _cLIB
_dJUS
_fJUS
_2ddc
_n
999 _c16548
_d16548